| 000 | 00486nam a2200145 a 4500 | ||
|---|---|---|---|
| 001 | 000038590 | ||
| 005 | 20201002031315.0 | ||
| 008 | 130416s2002 dr a 000 0 spa d | ||
| 040 |
_aDO-SdBNP _bspa _cBNPHU |
||
| 100 | 1 |
_aAybar Muñoz, Argelia R. _964930 |
|
| 245 | 1 | 0 |
_aManual de prácticas de inmunología / _cArgelia R. Aybar Muñoz. |
| 260 |
_aSantiago de los Caballeros : _bUTESA , _c2002. |
||
| 300 |
_a129 p. : _bil. ; _c27 cm. |
||
| 710 | 2 |
_aUniversidad Tecnológica de Santiago _964899 |
|
| 999 |
_c38080 _d38080 |
||